Portico (Record no. 119007)

MARC details
000 -LEADER
fixed length control field 00536cas a22001815a 4500
001 - CONTROL NUMBER
control field L138639
008 - FIXED-LENGTH DATA ELEMENTS--GENERAL INFORMATION
fixed length control field 070628d19501988xxkqr p 0 a0eng u
035 ## - SYSTEM CONTROL NUMBER
System control number (Sirsi) u138639
041 0# - LANGUAGE CODE
Language code of text/sound track or separate title eng
110 2# - MAIN ENTRY--CORPORATE NAME
Corporate name or jurisdiction name as entry element Faculty of Architects and Surveyors
9 (RLIN) 394
245 00 - TITLE STATEMENT
Title Portico
260 ## - PUBLICATION, DISTRIBUTION, ETC.
Place of publication, distribution, etc. London
Name of publisher, distributor, etc. Faculty of Architects and Surveyors
Date of publication, distribution, etc. 1950-1988
362 0# - DATES OF PUBLICATION AND/OR SEQUENTIAL DESIGNATION
Dates of publication and/or sequential designation 72(2) June 1967-79(8) December 1974
554 ## -
-- Four per year
651 #4 - SUBJECT ADDED ENTRY--GEOGRAPHIC NAME
Geographic name United Kingdom
Chronological subdivision
690 ## - LOCAL SUBJECT ADDED ENTRY--TOPICAL TERM (OCLC, RLIN)
Topical term or geographic name as entry element MANAGEMENT-BUSINESS MANAGEMENT-PROFESSIONAL PRACTICE
942 ## - ADDED ENTRY ELEMENTS (KOHA)
Suppress in OPAC 0
Holdings
Withdrawn status Lost status Source of classification or shelving scheme Damaged status Not for loan Home library Current library Shelving location Date acquired Total Checkouts Full call number Barcode Date last seen Price effective from Koha item type
    Dewey Decimal Classification     London London Basement 28/06/2007   PORTICO 138639-1001 06/08/2019 06/08/2019 Journal